Normal view MARC view

Entry Personal Name

Number of records used in: 1

001 - CONTROL NUMBER

  • control field: 9455

003 - CONTROL NUMBER IDENTIFIER

  • control field: DLC

005 - DATE AND TIME OF LATEST TRANSACTION

  • control field: 20230908133223.0

008 - FIXED-LENGTH DATA ELEMENTS

  • fixed length control field: 890125n| acannaabn |a aaa

010 ## - LIBRARY OF CONGRESS CONTROL NUMBER

  • LC control number: n 89603603

035 ## - SYSTEM CONTROL NUMBER

  • System control number: (OCoLC)oca02444673

040 ## - CATALOGING SOURCE

  • Original cataloging agency: DLC
  • Transcribing agency: DLC
  • Modifying agency: DLC
  • Modifying agency: DLC-ON

100 1# - HEADING--PERSONAL NAME

  • Personal name: Chattopadhyay, Bhaskar

400 0# - SEE FROM TRACING--PERSONAL NAME

  • Personal name: Bhaskar Chattopadhyay

400 1# - SEE FROM TRACING--PERSONAL NAME

  • Personal name: Caṭṭopādhyāẏa, Bhāskara

400 0# - SEE FROM TRACING--PERSONAL NAME

  • Personal name: Bhāskara Caṭṭopādhyāẏa

670 ## - SOURCE DATA FOUND

  • Source citation: nuc87-101263: His The age of the Kushānas, 1979
  • Information found: (hdg. on IaU rept.: Chattopadhyay, Bhaskar; usage: Bhaskar Chatttopadhyay)

670 ## - SOURCE DATA FOUND

  • Source citation: LC data base, 1-25-89
  • Information found: (hdg.: Chattopadhyay, Bhaskar)

670 ## - SOURCE DATA FOUND

  • Source citation: An introduction to the maritime history of India, 1994:
  • Information found: t.p. (Bhaskar Chattopadhyay, prof. of hist., U. of Burdwan)

670 ## - SOURCE DATA FOUND

  • Source citation: Gauṛa-Baṅgera itihāsa o saṃskr̥ti, 2003- :
  • Information found: v. 1, t.p. (Bhāskara Caṭṭopādhyāẏa)

Powered by Koha